Every Oscar-Nominated Director (with films) - Statistics

General Stats
  • This quiz has been taken 6,513 times
    740 since last reset
  • The average score is 204 of 486
Answer Stats
Year Film Director % Correct
2024 Killers of the Flower Moon Martin Scorsese
95%
2020 The Irishman Martin Scorsese
95%
2014 The Wolf of Wall Street Martin Scorsese
95%
2012 Hugo Martin Scorsese
95%
2007 The Departed Martin Scorsese
95%
2005 The Aviator Martin Scorsese
95%
2003 Gangs of New York Martin Scorsese
95%
1991 Goodfellas Martin Scorsese
95%
1989 The Last Temptation of Christ Martin Scorsese
95%
1981 Raging Bull Martin Scorsese
95%
2023 The Fabelmans Steven Spielberg
95%
2022 West Side Story Steven Spielberg
95%
2013 Lincoln Steven Spielberg
95%
2006 Munich Steven Spielberg
95%
1999 Saving Private Ryan Steven Spielberg
95%
1994 Schindler's List Steven Spielberg
95%
1983 E.T. the Extra-Terrestrial Steven Spielberg
95%
1982 Raiders of the Lost Ark Steven Spielberg
95%
1978 Close Encounters of the Third Kind Steven Spielberg
95%
2024 Oppenheimer Christopher Nolan
92%
2018 Dunkirk Christopher Nolan
92%
2020 Once Upon a Time in Hollywood Quentin Tarantino
92%
2010 Inglourious Basterds Quentin Tarantino
92%
1995 Pulp Fiction Quentin Tarantino
92%
2010 Avatar James Cameron
90%
1998 Titanic James Cameron
90%
2026 One Battle After Another Paul Thomas Anderson
90%
2022 Licorice Pizza Paul Thomas Anderson
90%
2018 Phantom Thread Paul Thomas Anderson
90%
2008 There Will Be Blood Paul Thomas Anderson
90%
2015 The Grand Budapest Hotel Wes Anderson
89%
1991 The Godfather Part III Francis Ford Coppola
88%
1980 Apocalypse Now Francis Ford Coppola
88%
1975 The Godfather Part II Francis Ford Coppola
88%
1973 The Godfather Francis Ford Coppola
88%
2004 Lost in Translation Sofia Coppola
87%
2007 Letters from Iwo Jima Clint Eastwood
86%
2005 Million Dollar Baby Clint Eastwood
86%
2004 Mystic River Clint Eastwood
86%
1993 Unforgiven Clint Eastwood
86%
2004 The Lord of the Rings: The Return of the King Peter Jackson
85%
2002 The Lord of the Rings: The Fellowship of the Ring Peter Jackson
85%
2019 BlacKkKlansman Spike Lee
85%
2013 Life of Pi Ang Lee
84%
2006 Brokeback Mountain Ang Lee
84%
2001 Crouching Tiger, Hidden Dragon Ang Lee
84%
1997 Fargo Joel Coen
84%
2011 True Grit Joel Coen / Ethan Coen
84%
2008 No Country for Old Men Joel Coen / Ethan Coen
84%
1957 Around the World in 80 Days Michael Anderson
84%
2017 Hacksaw Ridge Mel Gibson
81%
1996 Braveheart Mel Gibson
81%
2012 Midnight in Paris Woody Allen
80%
1995 Bullets over Broadway Woody Allen
80%
1990 Crimes and Misdemeanors Woody Allen
80%
1987 Hannah and Her Sisters Woody Allen
80%
1985 Broadway Danny Rose Woody Allen
80%
1979 Interiors Woody Allen
80%
1978 Annie Hall Woody Allen
80%
2018 The Shape of Water Guillermo del Toro
79%
1976 Barry Lyndon Stanley Kubrick
78%
1972 A Clockwork Orange Stanley Kubrick
78%
1969 2001: A Space Odyssey Stanley Kubrick
78%
1965 Dr. Strangelove Stanley Kubrick
78%
2002 Black Hawk Down Ridley Scott
77%
2001 Gladiator Ridley Scott
77%
1992 Thelma & Louise Ridley Scott
77%
2002 Mulholland Drive David Lynch
76%
1987 Blue Velvet David Lynch
76%
1981 The Elephant Man David Lynch
76%
2003 The Pianist Roman Polanski
76%
1981 Tess Roman Polanski
76%
1975 Chinatown Roman Polanski
76%
1978 Star Wars George Lucas
73%
1974 American Graffiti George Lucas
73%
1961 Psycho Alfred Hitchcock
71%
1955 Rear Window Alfred Hitchcock
71%
1946 Spellbound Alfred Hitchcock
71%
1945 Lifeboat Alfred Hitchcock
71%
1941 Rebecca Alfred Hitchcock
71%
2020 Parasite Bong Joon-ho
71%
2021 Mank David Fincher
71%
2011 The Social Network David Fincher
71%
2009 The Curious Case of Benjamin Button David Fincher
71%
2026 Hamnet Chloé Zhao
70%
2021 Nomadland Chloé Zhao
70%
2016 The Revenant Alejandro González Iñárritu
69%
2015 Birdman Alejandro González Iñárritu
69%
2007 Babel Alejandro González Iñárritu
69%
1992 JFK Oliver Stone
69%
1990 Born on the Fourth of July Oliver Stone
69%
1987 Platoon Oliver Stone
69%
1995 Forrest Gump Robert Zemeckis
69%
2018 Lady Bird Greta Gerwig
68%
2010 The Hurt Locker Kathryn Bigelow
68%
2020 1917 Sam Mendes
68%
2000 American Beauty Sam Mendes
68%
2019 Roma Alfonso Cuarón
67%
2014 Gravity Alfonso Cuarón
67%
2017 La La Land Damien Chazelle
66%
2018 Get Out Jordan Peele
66%
1991 Dances with Wolves Kevin Costner
65%
2009 Slumdog Millionaire Danny Boyle
64%
1999 Life is Beautiful Roberto Benigni
64%
2024 Poor Things Yorgos Lanthimos
64%
2019 The Favourite Yorgos Lanthimos
64%
2017 Arrival Denis Villeneuve
62%
2026 Sinners Ryan Coogler
61%
2022 The Power of the Dog Jane Campion
60%
1994 The Piano Jane Campion
60%
2022 Belfast Kenneth Branagh
60%
1990 Henry V Kenneth Branagh
60%
2011 Black Swan Darren Aronofsky
59%
2009 Frost/Nixon Ron Howard
59%
2002 A Beautiful Mind Ron Howard
59%
2000 Being John Malkovich Spike Jonze
59%
1953 The Quiet Man John Ford
58%
1942 How Green Was My Valley John Ford
58%
1941 The Grapes of Wrath John Ford
58%
1940 Stagecoach John Ford
58%
1936 The Informer John Ford
58%
2000 The Sixth Sense M. Night Shyamalan
58%
2025 Anora Sean Baker
58%
2015 Foxcatcher Bennett Miller
57%
2006 Capote Bennett Miller
57%
2016 Mad Max: Fury Road George Miller
57%
2001 Traffic Steven Soderbergh
57%
2001 Erin Brockovich Steven Soderbergh
57%
2023 Everything Everywhere All at Once Daniel Kwan / Daniel Scheinert
56%
2026 Marty Supreme Josh Safdie
56%
1997 The People vs. Larry Flynt Miloš Forman
56%
1985 Amadeus Miloš Forman
56%
1976 One Flew Over the Cuckoo's Nest Miloš Forman
56%
1995 Quiz Show Robert Redford
56%
1981 Ordinary People Robert Redford
56%
1929 Speedy (Comedy Picture) Ted Wilde
56%
1976 Amarcord Federico Fellini
55%
1971 Fellini Satyricon Federico Fellini
55%
1964 Federico Fellini
55%
1962 La Dolce Vita Federico Fellini
55%
2006 Good Night, and Good Luck George Clooney
55%
1992 The Silence of the Lambs Jonathan Demme
55%
2015 Boyhood Richard Linklater
55%
1961 The Apartment Billy Wilder
53%
1960 Some Like It Hot Billy Wilder
53%
1958 Witness for the Prosecution Billy Wilder
53%
1955 Sabrina Billy Wilder
53%
1954 Stalag 17 Billy Wilder
53%
1951 Sunset Boulevard Billy Wilder
53%
1946 The Lost Weekend Billy Wilder
53%
1945 Double Indemnity Billy Wilder
53%
1942 Citizen Kane Orson Welles
53%
2014 12 Years a Slave Steve McQueen
53%
2012 The Tree of Life Terrence Malick
53%
1999 The Thin Red Line Terrence Malick
53%
2020 Joker Todd Phillips
53%
1947 It's a Wonderful Life Frank Capra
52%
1940 Mr. Smith Goes to Washington Frank Capra
52%
1939 You Can't Take It with You Frank Capra
52%
1937 Mr. Deeds Goes to Town Frank Capra
52%
1935 It Happened One Night Frank Capra
52%
1934 Lady for a Day Frank Capra
52%
1986 Ran Akira Kurosawa
51%
1983 The Verdict Sidney Lumet
51%
1977 Network Sidney Lumet
51%
1976 Dog Day Afternoon Sidney Lumet
51%
1958 12 Angry Men Sidney Lumet
51%
2009 Milk Gus Van Sant
50%
1998 Good Will Hunting Gus Van Sant
50%
2004 Master and Commander: The Far Side of the World Peter Weir
50%
1999 The Truman Show Peter Weir
50%
1990 Dead Poets Society Peter Weir
50%
1986 Witness Peter Weir
50%
1985 A Passage to India David Lean
49%
1966 Doctor Zhivago David Lean
49%
1963 Lawrence of Arabia David Lean
49%
1958 The Bridge on the River Kwai David Lean
49%
1956 Summertime David Lean
49%
1948 Great Expectations David Lean
49%
1947 Brief Encounter David Lean
49%
1983 Gandhi Richard Attenborough
49%
2002 Gosford Park Robert Altman
49%
1994 Short Cuts Robert Altman
49%
1993 The Player Robert Altman
49%
1976 Nashville Robert Altman
49%
1971 M*A*S*H Robert Altman
49%
1980 All That Jazz Bob Fosse
47%
1975 Lenny Bob Fosse
47%
1973 Cabaret Bob Fosse
47%
1964 America America Elia Kazan
47%
1956 East of Eden Elia Kazan
47%
1955 On the Waterfront Elia Kazan
47%
1952 A Streetcar Named Desire Elia Kazan
47%
1948 Gentleman's Agreement Elia Kazan
47%
1984 Fanny and Alexander Ingmar Bergman
47%
1977 Face to Face Ingmar Bergman
47%
1974 Cries and Whispers Ingmar Bergman
47%
2014 American Hustle David O. Russell
46%
2013 Silver Linings Playbook David O. Russell
46%
2011 The Fighter David O. Russell
46%
2026 Sentimental Value Joachim Trier
46%
1989 Working Girl Mike Nichols
46%
1984 Silkwood Mike Nichols
46%
1968 The Graduate Mike Nichols
46%
1967 Who's Afraid of Virginia Woolf? Mike Nichols
46%
2011 The King's Speech Tom Hooper
46%
1982 Reds Warren Beatty
46%
1979 Heaven Can Wait Warren Beatty / Buck Henry
46%
1986 Prizzi's Honor John Huston
45%
1953 Moulin Rouge John Huston
45%
1952 The African Queen John Huston
45%
1951 The Asphalt Jungle John Huston
45%
1949 The Treasure of the Sierra Madre John Huston
45%
1988 The Last Emperor Bernardo Bertolucci
44%
1974 Last Tango in Paris Bernardo Bertolucci
44%
1974 The Exorcist William Friedkin
44%
1972 The French Connection William Friedkin
44%
1979 The Deer Hunter Michael Cimino
43%
1986 Out of Africa Sydney Pollack
43%
1983 Tootsie Sydney Pollack
43%
1970 They Shoot Horses, Don't They? Sydney Pollack
43%
2019 Vice Adam McKay
42%
2016 The Big Short Adam McKay
42%
2017 Moonlight Barry Jenkins
42%
2021 Promising Young Woman Emerald Fennell
42%
1944 Casablanca Michael Curtiz
42%
1943 Yankee Doodle Dandy Michael Curtiz
42%
1939 Angels with Dirty Faces Michael Curtiz
42%
1939 Four Daughters Michael Curtiz
42%
1962 West Side Story Jerome Robbins / Robert Wise
41%
1971 Women in Love Ken Russell
41%
1949 Hamlet Laurence Olivier
41%
2023 The Banshees of Inisherin Martin McDonagh
41%
2000 The Insider Michael Mann
41%
1970 Alice's Restaurant Arthur Penn
40%
1968 Bonnie and Clyde Arthur Penn
40%
1963 The Miracle Worker Arthur Penn
40%
1956 Marty Delbert Mann
40%
2010 Precious Lee Daniels
40%
1966 The Collector William Wyler
40%
1960 Ben-Hur William Wyler
40%
1957 Friendly Persuasion William Wyler
40%
1954 Roman Holiday William Wyler
40%
1952 Detective Story William Wyler
40%
1950 The Heiress William Wyler
40%
1947 The Best Years of Our Lives William Wyler
40%
1943 Mrs. Miniver William Wyler
40%
1942 The Little Foxes William Wyler
40%
1941 The Letter William Wyler
40%
1940 Wuthering Heights William Wyler
40%
1937 Dodsworth William Wyler
40%
1997 The English Patient Anthony Minghella
39%
1973 Sleuth Joseph L. Mankiewicz
39%
1953 5 Fingers Joseph L. Mankiewicz
39%
1951 All About Eve Joseph L. Mankiewicz
39%
1950 A Letter to Three Wives Joseph L. Mankiewicz
39%
2014 Nebraska Alexander Payne
37%
2012 The Descendants Alexander Payne
37%
2005 Sideways Alexander Payne
37%
1992 Bugsy Barry Levinson
37%
1989 Rain Man Barry Levinson
37%
1929 The Circus (Comedy Picture) Charlie Chaplin
37%
1984 Terms of Endearment James L. Brooks
37%
2024 The Zone of Interest Jonathan Glazer
37%
1968 In Cold Blood Richard Brooks
37%
1967 The Professionals Richard Brooks
37%
1959 Cat on a Hot Tin Roof Richard Brooks
37%
1940 Gone with the Wind Victor Fleming
37%
2025 A Complete Unknown James Mangold
36%
2003 Talk to Her Pedro Almodóvar
36%
2024 Anatomy of a Fall Justine Triet
35%
2025 The Brutalist Brady Corbet
34%
1974 The Sting George Roy Hill
34%
1970 Butch Cassidy and the Sundance Kid George Roy Hill
34%
1977 Rocky John G. Avildsen
34%
2013 Amour Michael Haneke
34%
2012 The Artist Michel Hazanavicius
34%
1969 Oliver! Carol Reed
33%
1951 The Third Man Carol Reed
33%
1950 The Fallen Idols Carol Reed
33%
1975 A Woman Under the Influence John Cassavetes
33%
2025 The Substance Coralie Fargeat
32%
1965 My Fair Lady George Cukor
32%
1951 Born Yesterday George Cukor
32%
1948 A Double Life George Cukor
32%
1941 The Philadelphia Story George Cukor
32%
1934 Little Women George Cukor
32%
2025 Emilia Pérez Jacques Audiard
32%
2010 Up in the Air Jason Reitman
32%
2008 Juno Jason Reitman
32%
2007 United 93 Paul Greengrass
32%
1996 Dead Man Walking Tim Robbins
32%
2005 Vera Drake Mike Leigh
31%
1997 Secrets & Lies Mike Leigh
31%
1966 The Sound of Music Robert Wise
31%
1959 I Want to Live! Robert Wise
31%
1960 The Diary of Anne Frank George Stevens
30%
1957 Giant George Stevens
30%
1954 Shane George Stevens
30%
1952 A Place in the Sun George Stevens
30%
1944 The More the Merrier George Stevens
30%
1994 The Remains of the Day James Ivory
30%
1993 Howards End James Ivory
30%
1987 A Room with a View James Ivory
30%
1992 Boyz n the Hood John Singleton
30%
2021 Another Round Thomas Vinterberg
30%
2023 Tár Todd Field
30%
1983 Das Boot Wolfgang Petersen
30%
1953 The Greatest Show on Earth Cecil B. DeMille
29%
2004 City of God Fernando Meirelles
29%
1972 Sunday Bloody Sunday John Schlesinger
29%
1970 Midnight Cowboy John Schlesinger
29%
1966 Darling John Schlesinger
29%
2003 Chicago Rob Marshall
29%
1959 Gigi Vincente Minnelli
29%
1952 An American in Paris Vincente Minnelli
29%
1972 The Last Picture Show Peter Bogdanovich
28%
2023 Triangle of Sadness Ruben Östlund
28%
1977 All the President's Men Alan J. Pakula
27%
1978 Julia Fred Zinnemann
27%
1967 A Man for All Seasons Fred Zinnemann
27%
1961 The Sundowners Fred Zinnemann
27%
1960 The Nun's Story Fred Zinnemann
27%
1954 From Here to Eternity Fred Zinnemann
27%
1953 High Noon Fred Zinnemann
27%
1949 The Search Fred Zinnemann
27%
1995 Three Colours: Red Krzysztof Kieślowski
27%
1967 Blowup Michelangelo Antonioni
27%
1993 The Crying Game Neil Jordan
27%
2007 The Queen Stephen Frears
27%
1991 The Grifters Stephen Frears
27%
1989 Mississippi Burning Alan Parker
24%
1979 Midnight Express Alan Parker
24%
1998 L.A. Confidential Curtis Hanson
24%
1975 Day for Night François Truffaut
24%
2017 Manchester by the Sea Kenneth Lonergan
24%
1988 Moonstruck Norman Jewison
24%
1972 Fiddler on the Roof Norman Jewison
24%
1968 In the Heat of the Night Norman Jewison
24%
2006 Crash Paul Haggis
24%
2009 The Reader Stephen Daldry
24%
2003 The Hours Stephen Daldry
24%
2001 Billy Elliot Stephen Daldry
24%
2016 Spotlight Tom McCarthy
24%
1985 Places in the Heart Robert Benton
23%
1980 Kramer vs. Kramer Robert Benton
23%
1971 Patton Franklin J. Schaffner
22%
1942 Here Comes Mr. Jordan Alexander Hall
21%
1970 Z Costa-Gavras
21%
1942 Sergeant York Howard Hawks
21%
1988 Hope and Glory John Boorman
21%
1973 Deliverance John Boorman
21%
2000 The Cider House Rules Lasse Hallström
21%
1988 My Life as a Dog Lasse Hallström
21%
2022 Drive My Car Ryusuke Hamaguchi
21%
1994 In the Name of the Father Jim Sheridan
20%
1990 My Left Foot Jim Sheridan
20%
1946 The Bells of St. Mary's Leo McCarey
20%
1945 Going My Way Leo McCarey
20%
1938 The Awful Truth Leo McCarey
20%
1932 The Front Page Lewis Milestone
20%
1931 All Quiet on the Western Front Lewis Milestone
20%
1929 Two Arabian Knights (Comedy Picture) Lewis Milestone
20%
1982 Atlantic City Louis Malle
20%
1968 Guess Who's Coming to Dinner Stanley Kramer
20%
1962 Judgment at Nuremberg Stanley Kramer
20%
1959 The Defiant Ones Stanley Kramer
20%
2008 Michael Clayton Tony Gilroy
20%
1964 Tom Jones Tony Richardson
20%
1945 Wilson Henry King
19%
1944 The Song of Bernadette Henry King
19%
1978 The Turning Point Herbert Ross
19%
1999 Shakespeare in Love John Madden
19%
2016 Room Lenny Abrahamson
19%
1964 The Cardinal Otto Preminger
19%
1945 Laura Otto Preminger
19%
1957 The King and I Walter Lang
19%
1957 War and Peace King Vidor
18%
1939 The Citadel King Vidor
18%
1933 The Champ King Vidor
18%
1931 Hallelujah! King Vidor
18%
1929 The Crowd (Dramatic Picture) King Vidor
18%
2019 Cold War Paweł Pawlikowski
18%
1943 Kings Row Sam Wood
18%
1941 Kitty Foyle Sam Wood
18%
1940 Goodbye, Mr. Chips Sam Wood
18%
2021 Minari Lee Isaac Chung
17%
1987 The Mission Roland Joffé
17%
1985 The Killing Fields Roland Joffé
17%
2005 Ray Taylor Hackford
17%
1988 Fatal Attraction Adrian Lyne
16%
1969 Romeo and Juliet Franco Zeffirelli
16%
1933 Bad Girl Frank Borzage
16%
1929 7th Heaven (Dramatic Picture) Frank Borzage
16%
2015 The Imitation Game Morten Tyldum
16%
1998 The Sweet Hereafter Atom Egoyan
15%
1947 The Yearling Clarence Brown
15%
1946 National Velvet Clarence Brown
15%
1944 The Human Comedy Clarence Brown
15%
1932 A Free Soul Clarence Brown
15%
1931 Anna Christie Clarence Brown
15%
1931 Romance Clarence Brown
15%
1944 Heaven Can Wait Ernst Lubitsch
15%
1931 The Love Parade Ernst Lubitsch
15%
1930 The Patriot Ernst Lubitsch
15%
1936 Mutiny on the Bounty Frank Lloyd
15%
1934 Cavalcade Frank Lloyd
15%
1930 The Divine Lady Frank Lloyd
15%
1930 Drag Frank Lloyd
15%
1930 Weary River Frank Lloyd
15%
1969 The Battle of Algiers Gillo Pontecorvo
15%
1979 Coming Home Hal Ashby
15%
2008 The Diving Bell and the Butterfly Julian Schnabel
15%
1993 Scent of a Woman Martin Brest
15%
1989 A Fish Called Wanda Charles Crichton
14%
1982 Chariots of Fire Hugh Hudson
14%
1962 The Guns of Navarone J. Lee Thompson
14%
1939 Boys Town Norman Taurog
14%
1932 Skippy Norman Taurog
14%
1984 The Dresser Peter Yates
14%
1980 Breaking Away Peter Yates
14%
1946 The Southerner Jean Renoir
13%
1977 Seven Beauties Lina Wertmüller
13%
1996 Leaving Las Vegas Mike Figgis
13%
1963 To Kill a Mockingbird Robert Mulligan
13%
1981 The Stunt Man Richard Rush
12%
1965 Mary Poppins Robert Stevenson
12%
1955 The High and the Mighty William A. Wellman
12%
1950 Battleground William A. Wellman
12%
1938 A Star Is Born William A. Wellman
12%
1971 Love Story Arthur Hiller
11%
1991 Reversal of Fortune Barbet Schroeder
11%
2013 Beasts of the Southern Wild Benh Zeitlin
11%
1984 Tender Mercies Bruce Beresford
11%
1967 A Man and a Woman Claude Lelouch
11%
1986 Kiss of the Spider Woman Héctor Babenco
11%
1956 Bad Day at Black Rock John Sturges
11%
1962 The Hustler Robert Rossen
11%
1950 All the King's Men Robert Rossen
11%
1973 The Emigrants Jan Troell
10%
1930 Madame X Lionel Barrymore
10%
1996 Il Postino: The Postman Michael Radford
10%
1998 The Full Monty Peter Cattaneo
10%
1996 Babe Chris Noonan
9%
1966 Woman in the Dunes Hiroshi Teshigahara
9%
1933 Shanghai Express Josef von Sternberg
9%
1932 Morocco Josef von Sternberg
9%
1958 Sayonara Joshua Logan
9%
1956 Picnic Joshua Logan
9%
1997 Shine Scott Hicks
9%
1969 The Lion in Winter Anthony Harvey
8%
1980 La Cage aux Folles Édouard Molinaro
8%
1982 On Golden Pond Mark Rydell
8%
1964 Hud Martin Ritt
8%
1963 Divorce Italian Style Pietro Germi
8%
1937 San Francisco W.S. Van Dyke
8%
1935 The Thin Man W.S. Van Dyke
8%
1948 Crossfire Edward Dmytryk
7%
1936 The Lives of a Bengal Lancer Henry Hathaway
7%
1943 Random Harvest Mervyn LeRoy
7%
1947 The Killers Robert Siodmak
7%
1938 The Good Earth Sidney Franklin
7%
1949 The Snake Pit Anatole Litvak
6%
1938 Stage Door Gregory La Cava
6%
1937 My Man Godfrey Gregory La Cava
6%
1961 Never on Sunday Jules Dassin
6%
1959 The Inn of the Sixth Happiness Mark Robson
6%
1958 Peyton Place Mark Robson
6%
1965 Zorba the Greek Michael Cacoyannis
6%
1965 Becket Peter Glenville
6%
1937 The Great Ziegfeld Robert Z. Leonard
6%
1931 The Divorcee Robert Z. Leonard
6%
1955 The Country Girl George Seaton
5%
1948 The Bishop's Wife Henry Koster
5%
1930 In Old Arizona Irving Cummings
5%
1961 Sons and Lovers Jack Cardiff
5%
1960 Room at the Top Jack Clayton
5%
1949 Johnny Belinda Jean Negulesco
5%
1943 Wake Island John Farrow
5%
1935 One Night of Love Victor Schertzinger
5%
1938 The Life of Emile Zola William Dieterle
5%
1963 David and Lisa Frank Perry
4%
1930 The Broadway Melody Harry Beaumont
4%
1929 Sorrell and Son (Dramatic Picture) Herbert Brenon
4%
1932 Cimarron Wesley Ruggles
4%
1954 Lili Charles Walters
3%
No matching quizzes found
Score Distribution
Percent of People with Each Score
Percentile by Number Answered
Your Score History
You have not taken this quiz since the last reset